header

Perspectives on the Grateful Dead (Record no. 24198)

MARC details
000 -LEADER
fixed length control field 01487nam a22003374a 4500
082 04 - DEWEY DECIMAL CLASSIFICATION NUMBER
Classification number 782.42166/092/2
245 00 - TITLE STATEMENT
Title Perspectives on the Grateful Dead
260 ## - PUBLICATION, DISTRIBUTION, ETC. (IMPRINT)
Place of publication Westport, Conn. :
Name of publisher Greenwood Press,
Year of publication 1999.
300 ## - PHYSICAL DESCRIPTION
Number of Pages xxiv, 245 p. :
Other physical details ill.
490 1# - SERIES STATEMENT
Series statement Contributions to the study of music and dance,
650 #0 - SUBJECT ADDED ENTRY--TOPICAL TERM
Topical Term Deadheads (Music fans)
Topical Term Rock music
700 1# - ADDED ENTRY--PERSONAL NAME
Personal name Weiner, Robert G.,
856 40 - ELECTRONIC LOCATION AND ACCESS
Uniform Resource Identifier http://site.ebrary.com/lib/rucke/Doc?id=10020813

No items available.

© 2026 Rongo University
Contact us: librarian | system librarian | Rongo university